[Event "OEISM 0818 BLMM"]
[Site "austriablmm"]
[Date "2020.12.12"]
[Round "9"]
[White "MGamer"]
[Black "CrushTheRush"]
[Result "0-1"]
[WhiteElo "1646"]
[BlackElo "1978"]
[Annotator "NA RC"]
[PlyCount "56"]
[EventDate "2020.12.12"]
[EventType "blitz"]

1. e4 {[%emt 0:00:04]} Nf6 {[%emt 0:00:06]} 2. e5 {[%emt 0:00:02]} Nd5 {[%emt 0:00:02]} 3. d4 {[%emt 0:00:00]} d6 {[%emt 0:00:02]} 4. f4 {[%emt 0:00:02]} g6 {[%emt 0:00:02]} 5. Nf3 {[%emt 0:00:02]} Bg7 {[%emt 0:00:02]} 6. Be2 {[%emt 0:00:06]} dxe5 {[%emt 0:00:09]} 7. fxe5 {[%emt 0:00:02]} Nc6 {[%emt 0:00:04]} 8. c3 {[%emt 0:00:05]} O-O {[%emt 0:00:06]} 9. O-O {[%emt 0:00:02]} Bg4 {[%emt 0:00:28]} 10. Nbd2 {[%emt 0:00:30]} Ne3 {[%emt 0:00:02]} 11. Qe1 {[%emt 0:00:09]} Nxf1 {[%emt 0:00:09]} 12. Qxf1 {[%emt 0:00:02]} Qd7 {[%emt 0:00:05]} 13. b3 {[%emt 0:00:09]} Rad8 {[%emt 0:00:06]} 14. Bb2 {[%emt 0:00:02]} e6 {[%emt 0:00:05]} 15. h3 {[%emt 0:00:06]} Bxf3 {[%emt 0:00:01]} 16. Bxf3 {[%emt 0:00:06]} f6 {[%emt 0:00:09]} 17. exf6 {[%emt 0:00:11]} Bxf6 {[%emt 0:00:02]} 18. Qe2 {[%emt 0:00:08]} Nxd4 {[%emt 0:00:58]} 19. cxd4 {[%emt 0:00:19]} Bxd4+ {[%emt 0:00:00]} 20. Bxd4 {[%emt 0:00:02]} Qxd4+ {[%emt 0:00:00]} 21. Kh2 {[%emt 0:00:13]} Qxa1 {[%emt 0:00:03]} 22. Qxe6+ {[%emt 0:00:06]} Kh8 {[%emt 0:00:02]} 23. Nc4 {[%emt 0:00:09]} Qf6 {[%emt 0:00:05]} 24. Qe3 {[%emt 0:00:04]} b5 {[%emt 0:00:08]} 25. Na5 {[%emt 0:01:33]} Qf4+ {[%emt 0:00:03]} 26. Qxf4 {[%emt 0:00:07]} Rxf4 {[%emt 0:00:00]} 27. Nc6 {[%emt 0:00:05]} Rd2 {[%emt 0:00:03]} 28. Nxa7 {[%emt 0:00:02]} Rxf3 {[%emt 0:00:01] MGamer resigns} 0-1

[Event "OEISM 0818 BLMM"]
[Site "austriablmm"]
[Date "2020.12.12"]
[Round "9"]
[White "Widder2010"]
[Black "Chachacha7"]
[Result "0-1"]
[WhiteElo "1645"]
[BlackElo "1716"]
[Annotator "NA"]
[PlyCount "94"]
[EventDate "2020.12.12"]
[EventType "blitz"]

1. d4 {[%emt 0:00:02]} e6 {[%emt 0:00:02]} 2. c4 {[%emt 0:00:03]} f5 {[%emt 0:00:02]} 3. Nc3 {[%emt 0:00:04]} Nf6 {[%emt 0:00:02]} 4. Bf4 {[%emt 0:00:02]} d5 {[%emt 0:00:12]} 5. cxd5 {[%emt 0:00:06]} exd5 {[%emt 0:00:02]} 6. e3 {[%emt 0:00:03]} c6 {[%emt 0:00:02]} 7. Nf3 {[%emt 0:00:05]} Bd6 {[%emt 0:00:04]} 8. Bg3 {[%emt 0:00:06]} O-O {[%emt 0:00:05]} 9. Bd3 {[%emt 0:00:07]} Ne4 {[%emt 0:00:06]} 10. Qc2 {[%emt 0:00:14]} Be6 {[%emt 0:00:16]} 11. O-O-O {[%emt 0:00:13]} Bb4 {[%emt 0:00:30]} 12. Nd2 {[%emt 0:00:17]} Nxc3 {[%emt 0:00:13]} 13. bxc3 {[%emt 0:00:05]} Ba3+ {[%emt 0:00:05]} 14. Kb1 {[%emt 0:00:03]} Qa5 {[%emt 0:00:47]} 15. Nb3 {[%emt 0:00:09]} Qb6 {[%emt 0:00:23]} 16. Ka1 {[%emt 0:00:05]} Nd7 {[%emt 0:00:22]} 17. Rb1 {[%emt 0:00:09]} Qd8 {[%emt 0:00:13]} 18. Nd2 {[%emt 0:00:12]} Nb6 {[%emt 0:00:24]} 19. Rb3 {[%emt 0:00:26]} Be7 {[%emt 0:00:05]} 20. Rb2 {[%emt 0:00:25]} Qd7 {[%emt 0:00:05]} 21. c4 {[%emt 0:00:16]} dxc4 {[%emt 0:00:44]} 22. Nxc4 {[%emt 0:00:04]} Nxc4 {[%emt 0:01:09]} 23. Bxc4 {[%emt 0:00:06]} Bxc4 {[%emt 0:00:36]} 24. Qxc4+ {[%emt 0:00:07]} Kh8 {[%emt 0:00:02]} 25. Rhb1 {[%emt 0:00:08]} b6 {[%emt 0:00:07]} 26. Rc2 {[%emt 0:00:14]} c5 {[%emt 0:00:07]} 27. dxc5 {[%emt 0:00:25]} Bxc5 {[%emt 0:00:04]} 28. Qc3 {[%emt 0:00:15]} Rfd8 {[%emt 0:00:18]} 29. Qb2 {[%emt 0:00:36]} Qe7 {[%emt 0:00:07]} 30. Rd2 {[%emt 0:00:33]} Rxd2 {[%emt 0:00:03]} 31. Qxd2 {[%emt 0:00:25]} Rd8 {[%emt 0:00:12]} 32. Qc2 {[%emt 0:00:28]} Bd6 {[%emt 0:00:34]} 33. Bxd6 {[%emt 0:00:41]} Qf6+ {[%emt 0:00:20]} 34. Qb2 {[%emt 0:00:20]} Qxd6 {[%emt 0:00:16]} 35. Rc1 {[%emt 0:00:15]} h6 {[%emt 0:00:12]} 36. Qc3 {[%emt 0:00:21]} Qxh2 {[%emt 0:00:24]} 37. Qc6 {[%emt 0:00:45]} Qd6 {[%emt 0:00:06]} 38. Qc4 {[%emt 0:01:00]} Qe5+ {[%emt 0:00:12]} 39. Kb1 {[%emt 0:00:16]} Qd5 {[%emt 0:00:05]} 40. Qc7 {[%emt 0:00:48]} Rd7 {[%emt 0:00:31]} 41. Qc8+ {[%emt 0:00:16]} Kh7 {[%emt 0:00:02]} 42. g3 {[%emt 0:00:23]} Qd3+ {[%emt 0:00:10]} 43. Rc2 {[%emt 0:00:14]} Rd5 {[%emt 0:00:08]} 44. Kc1 {[%emt 0:00:05]} Qd1+ {[%emt 0:00:14]} 45. Kb2 {[%emt 0:00:02]} Rb5+ {[%emt 0:00:05]} 46. Ka3 {[%emt 0:00:04]} Qd6+ {[%emt 0:00:06]} 47. Ka4 {[%emt 0:00:13]} Qb4# {[%emt 0:00:02] Mate} 0-1

[Event "OEISM 0818 BLMM"]
[Site "austriablmm"]
[Date "2020.12.12"]
[Round "9"]
[White "Robert_III"]
[Black "Weirdo1"]
[Result "0-1"]
[WhiteElo "1635"]
[BlackElo "1838"]
[Annotator "NA RC"]
[PlyCount "20"]
[EventDate "2020.12.12"]
[EventType "blitz"]

1. e4 {[%emt 0:00:06]} e5 {[%emt 0:00:02]} 2. Nf3 {[%emt 0:00:01]} Nc6 {[%emt 0:00:01]} 3. d4 {[%emt 0:00:01]} exd4 {[%emt 0:00:01]} 4. Nxd4 {[%emt 0:00:04]} Nf6 {[%emt 0:00:03]} 5. Nxc6 {[%emt 0:00:02]} bxc6 {[%emt 0:00:01]} 6. e5 {[%emt 0:00:01]} Qe7 {[%emt 0:00:01]} 7. Qe2 {[%emt 0:00:03]} Nd5 {[%emt 0:00:05]} 8. c4 {[%emt 0:00:01]} Ba6 {[%emt 0:00:03]} 9. Nd2 {[%emt 0:00:02]} O-O-O {[%emt 0:00:13]} 10. Qe3 {[%emt 0:00:13]} Nxe3 {[%emt 0:00:05] Robert_III resigns} 0-1

[Event "OEISM 0818 BLMM"]
[Site "austriablmm"]
[Date "2020.12.12"]
[Round "9"]
[White "Gor200506"]
[Black "Oberwirschtl"]
[Result "1-0"]
[WhiteElo "1625"]
[BlackElo "1410"]
[Annotator "NA"]
[PlyCount "125"]
[EventDate "2020.12.12"]
[EventType "blitz"]

1. d4 {[%emt 0:00:05]} d5 {[%emt 0:00:06]} 2. Nf3 {[%emt 0:00:02]} e6 {[%emt 0:00:12]} 3. c4 {[%emt 0:00:07]} c5 {[%emt 0:00:11]} 4. cxd5 {[%emt 0:00:47]} exd5 {[%emt 0:00:00]} 5. dxc5 {[%emt 0:00:01]} Bxc5 {[%emt 0:00:05]} 6. Nc3 {[%emt 0:00:01]} Nf6 {[%emt 0:00:06]} 7. Bf4 {[%emt 0:00:03]} Nc6 {[%emt 0:00:09]} 8. e3 {[%emt 0:00:27]} Bf5 {[%emt 0:00:15]} 9. a3 {[%emt 0:00:01]} O-O {[%emt 0:00:10]} 10. Bd3 {[%emt 0:00:22]} Ne4 {[%emt 0:00:23]} 11. Bxe4 {[%emt 0:01:18]} dxe4 {[%emt 0:00:18]} 12. Ng5 {[%emt 0:00:14]} Re8 {[%emt 0:00:11]} 13. Qb3 {[%emt 0:00:05]} Re7 {[%emt 0:01:05]} 14. Nd5 {[%emt 0:00:15]} Rd7 {[%emt 0:00:10]} 15. Nc3 {[%emt 0:00:44]} h6 {[%emt 0:00:14]} 16. Ngxe4 {[%emt 0:00:03]} Be6 {[%emt 0:01:21]} 17. Qc2 {[%emt 0:00:49]} Bf5 {[%emt 0:00:28]} 18. Qe2 {[%emt 0:00:07]} Bb6 {[%emt 0:00:11]} 19. O-O {[%emt 0:00:07]} Qe7 {[%emt 0:00:16]} 20. Qf3 {[%emt 0:01:32]} Rad8 {[%emt 0:00:40]} 21. g4 {[%emt 0:02:23]} Bg6 {[%emt 0:00:42]} 22. Bg3 {[%emt 0:00:28]} Ne5 {[%emt 0:01:06]} 23. Bxe5 {[%emt 0:00:04]} Qxe5 {[%emt 0:00:02]} 24. h4 {[%emt 0:00:11]} Re8 {[%emt 0:00:11]} 25. Ng3 {[%emt 0:00:10]} Bd3 {[%emt 0:00:35]} 26. Rfd1 {[%emt 0:00:10]} Red8 {[%emt 0:00:06]} 27. Rac1 {[%emt 0:00:39]} Bb5 {[%emt 0:00:54]} 28. Qf4 {[%emt 0:00:02]} Qxf4 {[%emt 0:00:06]} 29. exf4 {[%emt 0:00:00]} Rd2 {[%emt 0:00:25]} 30. Nge4 {[%emt 0:00:11]} Rxd1+ {[%emt 0:00:10]} 31. Rxd1 {[%emt 0:00:00]} Rxd1+ {[%emt 0:00:03]} 32. Nxd1 {[%emt 0:00:01]} Bd3 {[%emt 0:00:03]} 33. Nd6 {[%emt 0:00:04]} Bc7 {[%emt 0:00:14]} 34. Nxb7 {[%emt 0:00:02]} Bxf4 {[%emt 0:00:02]} 35. Ne3 {[%emt 0:00:01]} Be4 {[%emt 0:00:03]} 36. Nc5 {[%emt 0:00:02]} Bc6 {[%emt 0:00:13]} 37. Kf1 {[%emt 0:00:01]} Kf8 {[%emt 0:00:02]} 38. Ke1 {[%emt 0:00:01]} Ke7 {[%emt 0:00:02]} 39. Kd2 {[%emt 0:00:01]} Kd6 {[%emt 0:00:03]} 40. Nd3 {[%emt 0:00:01]} Bb5 {[%emt 0:00:10]} 41. Nxf4 {[%emt 0:00:02]} g6 {[%emt 0:00:03]} 42. g5 {[%emt 0:00:03]} h5 {[%emt 0:00:03]} 43. Kc3 {[%emt 0:00:02]} Ke5 {[%emt 0:00:04]} 44. Nd3+ {[%emt 0:00:01]} Ke4 {[%emt 0:00:05]} 45. Nc5+ {[%emt 0:00:02]} Kf3 {[%emt 0:00:08]} 46. a4 {[%emt 0:00:01]} Bc6 {[%emt 0:00:03]} 47. Nc4 {[%emt 0:00:07]} Bd5 {[%emt 0:00:05]} 48. Ne5+ {[%emt 0:00:05]} Kf4 {[%emt 0:00:03]} 49. Kd4 {[%emt 0:00:02]} Bh1 {[%emt 0:00:02]} 50. Ncd3+ {[%emt 0:00:10]} Kf5 {[%emt 0:00:02]} 51. b4 {[%emt 0:00:02]} Bg2 {[%emt 0:00:04]} 52. a5 {[%emt 0:00:02]} Bf1 {[%emt 0:00:02]} 53. b5 {[%emt 0:00:02]} Bg2 {[%emt 0:00:05]} 54. Nxf7 {[%emt 0:00:02]} Kg4 {[%emt 0:00:02]} 55. b6 {[%emt 0:00:01]} axb6 {[%emt 0:00:02]} 56. axb6 {[%emt 0:00:01]} Kxh4 {[%emt 0:00:01]} 57. Nd6 {[%emt 0:00:02]} Kg4 {[%emt 0:00:02]} 58. Ne4 {[%emt 0:00:01]} Bxe4 {[%emt 0:00:03]} 59. Kxe4 {[%emt 0:00:02]} h4 {[%emt 0:00:00]} 60. b7 {[%emt 0:00:13]} h3 {[%emt 0:00:08]} 61. b8=Q {[%emt 0:00:02]} Kh4 {[%emt 0:00:01]} 62. Qg3+ {[%emt 0:00:03]} Kh5 {[%emt 0:00:02]} 63. Nf4# {[%emt 0:00:00] Mate Mate} 1-0

[Event "OEISM 0818 BLMM"]
[Site "austriablmm"]
[Date "2020.12.12"]
[Round "9"]
[White "BiancaD"]
[Black "Freeclimber"]
[Result "1-0"]
[WhiteElo "1604"]
[BlackElo "1507"]
[Annotator "NA RC"]
[PlyCount "119"]
[EventDate "2020.12.12"]
[EventType "blitz"]

1. e4 {[%emt 0:00:01]} e5 {[%emt 0:00:02]} 2. Nf3 {[%emt 0:00:01]} Nc6 {[%emt 0:00:02]} 3. Bc4 {[%emt 0:00:01]} Nf6 {[%emt 0:00:03]} 4. d3 {[%emt 0:00:01]} Bb4+ {[%emt 0:00:08]} 5. Nc3 {[%emt 0:00:05]} O-O {[%emt 0:00:03]} 6. O-O {[%emt 0:00:04]} d6 {[%emt 0:00:06]} 7. a3 {[%emt 0:00:03]} Bxc3 {[%emt 0:00:05]} 8. bxc3 {[%emt 0:00:03]} Bg4 {[%emt 0:00:05]} 9. h3 {[%emt 0:00:02]} Bh5 {[%emt 0:00:04]} 10. Bg5 {[%emt 0:00:02]} Qd7 {[%emt 0:00:38]} 11. Bxf6 {[%emt 0:00:05]} gxf6 {[%emt 0:00:03]} 12. Rb1 {[%emt 0:00:12]} b6 {[%emt 0:00:07]} 13. Bd5 {[%emt 0:00:04]} Kh8 {[%emt 0:00:20]} 14. Nxe5 {[%emt 0:00:27]} Bxd1 {[%emt 0:01:04]} 15. Nxd7 {[%emt 0:00:03]} Rfd8 {[%emt 0:00:27]} 16. Bxc6 {[%emt 0:00:05]} Rac8 {[%emt 0:00:18]} 17. Rbxd1 {[%emt 0:00:04]} Rg8 {[%emt 0:00:19]} 18. Nxf6 {[%emt 0:00:05]} Rg6 {[%emt 0:00:06]} 19. Nd5 {[%emt 0:00:13]} Rcg8 {[%emt 0:00:13]} 20. Nf4 {[%emt 0:00:13]} Rh6 {[%emt 0:00:13]} 21. Kh2 {[%emt 0:00:13]} Rh4 {[%emt 0:00:30]} 22. g3 {[%emt 0:00:06]} Rh6 {[%emt 0:00:26]} 23. Bd5 {[%emt 0:00:04]} Rg5 {[%emt 0:00:15]} 24. Bxf7 {[%emt 0:00:08]} Rg7 {[%emt 0:00:13]} 25. Bd5 {[%emt 0:00:06]} Rf6 {[%emt 0:00:35]} 26. Rde1 {[%emt 0:00:08]} Rf8 {[%emt 0:00:35]} 27. e5 {[%emt 0:00:04]} Rd7 {[%emt 0:00:18]} 28. Be6 {[%emt 0:00:13]} Re7 {[%emt 0:00:24]} 29. exd6 {[%emt 0:00:04]} cxd6 {[%emt 0:00:08]} 30. Re4 {[%emt 0:00:10]} Rf6 {[%emt 0:00:22]} 31. Rfe1 {[%emt 0:00:03]} Kg7 {[%emt 0:00:07]} 32. Bc4 {[%emt 0:00:20]} Rxe4 {[%emt 0:00:10]} 33. Rxe4 {[%emt 0:00:03]} Rf5 {[%emt 0:00:18]} 34. Re7+ {[%emt 0:00:04]} Kf6 {[%emt 0:00:04]} 35. Rxh7 {[%emt 0:00:07]} Ke5 {[%emt 0:00:17]} 36. Rxa7 {[%emt 0:00:07]} Kf6 {[%emt 0:00:11]} 37. Ra6 {[%emt 0:00:03]} Ke5 {[%emt 0:00:04]} 38. Rxb6 {[%emt 0:00:02]} Kf6 {[%emt 0:00:03]} 39. Rxd6+ {[%emt 0:00:01]} Ke5 {[%emt 0:00:02]} 40. Rd8 {[%emt 0:00:07]} Kf6 {[%emt 0:00:05]} 41. Rf8+ {[%emt 0:00:02]} Ke5 {[%emt 0:00:05]} 42. Rxf5+ {[%emt 0:00:01]} Kxf5 {[%emt 0:00:03]} 43. a4 {[%emt 0:00:01]} Ke5 {[%emt 0:00:05]} 44. a5 {[%emt 0:00:01]} Kd6 {[%emt 0:00:02]} 45. a6 {[%emt 0:00:02]} Kc6 {[%emt 0:00:01]} 46. a7 {[%emt 0:00:02]} Kb7 {[%emt 0:00:02]} 47. h4 {[%emt 0:00:04]} Kxa7 {[%emt 0:00:01]} 48. h5 {[%emt 0:00:01]} Kb7 {[%emt 0:00:01]} 49. h6 {[%emt 0:00:01]} Kc7 {[%emt 0:00:02]} 50. h7 {[%emt 0:00:02]} Kd7 {[%emt 0:00:09]} 51. h8=Q {[%emt 0:00:02]} Ke7 {[%emt 0:00:02]} 52. Qe5+ {[%emt 0:00:02]} Kd7 {[%emt 0:00:06]} 53. g4 {[%emt 0:00:03]} Kc6 {[%emt 0:00:08]} 54. g5 {[%emt 0:00:02]} Kd7 {[%emt 0:00:01]} 55. g6 {[%emt 0:00:01]} Kc6 {[%emt 0:00:01]} 56. g7 {[%emt 0:00:01]} Kd7 {[%emt 0:00:02]} 57. g8=Q {[%emt 0:00:04]} Kc6 {[%emt 0:00:02]} 58. Qge6+ {[%emt 0:00:01]} Kb7 {[%emt 0:00:04]} 59. Qg7+ {[%emt 0:00:01]} Kb8 {[%emt 0:00:04]} 60. Qeg8# {[%emt 0:00:01] Mate Mate} 1-0

[Event "OEISM 0818 BLMM"]
[Site "austriablmm"]
[Date "2020.12.12"]
[Round "9"]
[White "Einhorn2010"]
[Black "Theodor_13"]
[Result "1-0"]
[WhiteElo "1602"]
[BlackElo "1327"]
[Annotator "NA"]
[PlyCount "51"]
[EventDate "2020.12.12"]
[EventType "blitz"]

1. d4 {[%emt 0:00:02]} d5 {[%emt 0:00:05]} 2. Bf4 {[%emt 0:00:03]} Bf5 {[%emt 0:00:05]} 3. e3 {[%emt 0:00:04]} e6 {[%emt 0:00:04]} 4. Nf3 {[%emt 0:00:02]} Nf6 {[%emt 0:00:03]} 5. c3 {[%emt 0:00:01]} c6 {[%emt 0:00:03]} 6. Nbd2 {[%emt 0:00:03]} Nbd7 {[%emt 0:00:02]} 7. Ne5 {[%emt 0:00:03]} Ne4 {[%emt 0:00:05]} 8. Ndf3 {[%emt 0:00:03]} Ndf6 {[%emt 0:00:03]} 9. Bd3 {[%emt 0:00:02]} Bd6 {[%emt 0:00:02]} 10. Qc2 {[%emt 0:00:03]} Qc7 {[%emt 0:00:04]} 11. Bg3 {[%emt 0:00:11]} Bg6 {[%emt 0:00:04]} 12. O-O-O {[%emt 0:00:05]} O-O-O {[%emt 0:00:04]} 13. Nxg6 {[%emt 0:00:10]} Nxf2 {[%emt 0:00:05]} 14. Qxf2 {[%emt 0:00:03]} Ng4 {[%emt 0:00:09]} 15. Qc2 {[%emt 0:00:05]} Bxg3 {[%emt 0:00:04]} 16. hxg3 {[%emt 0:00:06]} fxg6 {[%emt 0:00:12]} 17. c4 {[%emt 0:00:12]} dxc4 {[%emt 0:00:06]} 18. Bxc4 {[%emt 0:00:02]} Qxg3 {[%emt 0:00:10]} 19. Bxe6+ {[%emt 0:00:06]} Kc7 {[%emt 0:00:04]} 20. Bxg4 {[%emt 0:00:04]} Qxg4 {[%emt 0:00:04]} 21. Rh4 {[%emt 0:00:02]} Qxg2 {[%emt 0:00:03]} 22. Qxg2 {[%emt 0:00:03]} g5 {[%emt 0:00:05]} 23. Qxg5 {[%emt 0:00:03]} Rde8 {[%emt 0:00:03]} 24. Qxg7+ {[%emt 0:00:02]} Kd8 {[%emt 0:00:07]} 25. Ne5 {[%emt 0:00:02]} Rhg8 {[%emt 0:00:04]} 26. Qd7# {[%emt 0:00:02] (Lag: Av=0.97s, max=3.1s) Mate} 1-0

[Event "OEISM 0818 BLMM"]
[Site "austriablmm"]
[Date "2020.12.12"]
[Round "9"]
[White "Famol"]
[Black "Ji-Jay-Jim"]
[Result "0-1"]
[WhiteElo "1593"]
[BlackElo "1707"]
[Annotator "NA RC"]
[PlyCount "68"]
[EventDate "2020.12.12"]
[EventType "blitz"]

1. d4 {[%emt 0:00:08]} f5 {[%emt 0:00:05]} 2. c4 {[%emt 0:00:03]} e6 {[%emt 0:00:06]} 3. Nf3 {[%emt 0:00:06]} Nf6 {[%emt 0:00:06]} 4. Bf4 {[%emt 0:00:03]} Be7 {[%emt 0:00:09]} 5. e3 {[%emt 0:00:01]} O-O {[%emt 0:00:07]} 6. Bd3 {[%emt 0:00:05]} d5 {[%emt 0:00:07]} 7. O-O {[%emt 0:00:08]} Ne4 {[%emt 0:00:07]} 8. Bxe4 {[%emt 0:00:09]} fxe4 {[%emt 0:00:10]} 9. Ne5 {[%emt 0:00:08]} Nc6 {[%emt 0:00:11]} 10. Nxc6 {[%emt 0:00:04]} bxc6 {[%emt 0:00:08]} 11. c5 {[%emt 0:00:02]} Bg5 {[%emt 0:00:15]} 12. Bg3 {[%emt 0:00:07]} Rb8 {[%emt 0:00:16]} 13. Qd2 {[%emt 0:00:10]} Ba6 {[%emt 0:00:10]} 14. Re1 {[%emt 0:00:15]} Bh4 {[%emt 0:00:29]} 15. Nc3 {[%emt 0:00:34]} Bxg3 {[%emt 0:00:08]} 16. hxg3 {[%emt 0:00:02]} Qf6 {[%emt 0:00:12]} 17. b3 {[%emt 0:00:18]} Rf7 {[%emt 0:00:34]} 18. Ne2 {[%emt 0:00:13]} Qxf2+ {[%emt 0:00:09]} 19. Kh2 {[%emt 0:00:06]} Rf6 {[%emt 0:00:16]} 20. Nf4 {[%emt 0:03:41]} Qxd2 {[%emt 0:00:07]} 21. Kg1 {[%emt 0:00:07]} Rbf8 {[%emt 0:00:17]} 22. Nh3 {[%emt 0:00:09]} Rf2 {[%emt 0:00:30]} 23. Nxf2 {[%emt 0:00:39]} Rxf2 {[%emt 0:00:10]} 24. Kh2 {[%emt 0:00:07]} Rxg2+ {[%emt 0:00:09]} 25. Kh3 {[%emt 0:00:01]} Rh2+ {[%emt 0:00:07]} 26. Kg4 {[%emt 0:00:01]} Be2+ {[%emt 0:00:08]} 27. Kf4 {[%emt 0:00:07]} Rf2+ {[%emt 0:00:09]} 28. Ke5 {[%emt 0:00:24]} Qxe3 {[%emt 0:00:07]} 29. Kxe6 {[%emt 0:00:09]} Bg4+ {[%emt 0:00:06]} 30. Ke7 {[%emt 0:00:09]} Rf7+ {[%emt 0:00:07]} 31. Ke8 {[%emt 0:00:07]} Bd7+ {[%emt 0:00:10]} 32. Kd8 {[%emt 0:00:05]} Qg5+ {[%emt 0:00:02]} 33. Kxc7 {[%emt 0:00:03]} Be8+ {[%emt 0:00:06]} 34. Kb8 {[%emt 0:00:54]} Qd8# {[%emt 0:00:07] Mate Mate} 0-1

[Event "OEISM 0818 BLMM"]
[Site "austriablmm"]
[Date "2020.12.12"]
[Round "9"]
[White "Miriamk"]
[Black "Johnny Johnson"]
[Result "0-1"]
[WhiteElo "1536"]
[BlackElo "1754"]
[Annotator "NA RC"]
[PlyCount "88"]
[EventDate "2020.12.12"]
[EventType "blitz"]

1. e4 {[%emt 0:00:05]} c5 {[%emt 0:00:05]} 2. Nf3 {[%emt 0:00:04]} d6 {[%emt 0:00:01]} 3. d4 {[%emt 0:00:02]} cxd4 {[%emt 0:00:00]} 4. Nxd4 {[%emt 0:00:01]} Nf6 {[%emt 0:00:00]} 5. Nc3 {[%emt 0:00:01]} g6 {[%emt 0:00:00]} 6. Be3 {[%emt 0:00:09]} Bg7 {[%emt 0:00:01]} 7. f3 {[%emt 0:00:01]} O-O {[%emt 0:00:01]} 8. Qd2 {[%emt 0:00:06]} Nc6 {[%emt 0:00:01]} 9. O-O-O {[%emt 0:00:02]} d5 {[%emt 0:00:01]} 10. Kb1 {[%emt 0:00:01]} Nxd4 {[%emt 0:00:03]} 11. e5 {[%emt 0:00:04]} Nf5 {[%emt 0:00:01]} 12. exf6 {[%emt 0:00:14]} exf6 {[%emt 0:00:00]} 13. Nxd5 {[%emt 0:01:11]} Nxe3 {[%emt 0:00:07]} 14. Nxe3 {[%emt 0:00:35]} Qxd2 {[%emt 0:00:14]} 15. Rxd2 {[%emt 0:00:03]} Bh6 {[%emt 0:00:01]} 16. Rd3 {[%emt 0:00:41]} Re8 {[%emt 0:00:02]} 17. Nd1 {[%emt 0:00:20]} Bf5 {[%emt 0:00:04]} 18. Rd6 {[%emt 0:00:30]} Rad8 {[%emt 0:01:19]} 19. Rxd8 {[%emt 0:00:19]} Rxd8 {[%emt 0:00:00]} 20. Bc4 {[%emt 0:00:19]} Rd2 {[%emt 0:00:09]} 21. Bb3 {[%emt 0:00:37]} Rxg2 {[%emt 0:00:13]} 22. Re1 {[%emt 0:00:25]} Rxh2 {[%emt 0:00:59]} 23. Re8+ {[%emt 0:01:33]} Kg7 {[%emt 0:00:25]} 24. a3 {[%emt 0:01:18]} Rh1 {[%emt 0:00:18]} 25. Rd8 {[%emt 0:00:05]} Rf1 {[%emt 0:00:22]} 26. Ka2 {[%emt 0:00:29]} Rxf3 {[%emt 0:00:09]} 27. Re8 {[%emt 0:00:03]} Bf4 {[%emt 0:01:01]} 28. Re7 {[%emt 0:00:16]} h5 {[%emt 0:00:03]} 29. Rxf7+ {[%emt 0:00:12]} Kh6 {[%emt 0:00:02]} 30. Rxb7 {[%emt 0:00:03]} h4 {[%emt 0:00:06]} 31. Bg8 {[%emt 0:00:07]} h3 {[%emt 0:00:25]} 32. Rxa7 {[%emt 0:00:14]} g5 {[%emt 0:00:12]} 33. Bd5 {[%emt 0:00:08]} Rf1 {[%emt 0:00:18]} 34. Nc3 {[%emt 0:00:11]} h2 {[%emt 0:00:07]} 35. Rf7 {[%emt 0:00:10]} Be5 {[%emt 0:00:15]} 36. Rf8 {[%emt 0:00:07]} g4 {[%emt 0:00:18]} 37. Bg2 {[%emt 0:00:11]} Rg1 {[%emt 0:00:12]} 38. Bc6 {[%emt 0:00:22]} Be6+ {[%emt 0:00:09]} 39. Nd5 {[%emt 0:00:29]} h1=Q {[%emt 0:00:06]} 40. Rh8+ {[%emt 0:00:04]} Kg5 {[%emt 0:00:03]} 41. Rxh1 {[%emt 0:00:05]} Rxh1 {[%emt 0:00:00]} 42. c4 {[%emt 0:00:03]} Bxd5 {[%emt 0:00:07]} 43. Bxd5 {[%emt 0:00:02]} Rh2 {[%emt 0:00:03]} 44. Kb3 {[%emt 0:00:02]} Rxb2+ {[%emt 0:00:01] Miriamk gibt auf (Lag: Av=0.63s, max=1.4s)} 0-1